CorelDRAW! 3 made easy

Bibliographic Details
Other Authors: Ihrig, Sybil, Matthews, Martin S
Format: Book
Published: California : Osborne McGraw-Hill , 1992
Subjects:

MARC

LEADER 00000cam a2200000 7i4500
001 0000003031
002 000003281
005 20000330.0
020 |a 0078818389 
090 0 0 |a 006.6869   |b COR 
245 0 0 |a CorelDRAW! 3 made easy   |c Emil Ihrig...[et al.] 
260 |a California :   |b Osborne McGraw-Hill ,   |c 1992 
300 |a 746p. ;   |c 25cm. 
650 0 0 |a Corel DRAW 
700 1 |a Ihrig, Sybil 
700 1 |a Matthews, Martin S 
999 |a 035855   |b BUKU   |c PINJAMAN   |e PERPUSTAKAAN KOMUNITI PETALING JAYA 
999 |a 035856   |b BUKU   |c PINJAMAN   |e PERPUSTAKAAN KOMUNITI PETALING JAYA